Statistics for Country Shapes in the World Map (Slightly Harder) #2

Click here to take the quiz!

General Stats

  • This quiz has been taken 1,155 times
  • The average score is 18 of 20

Answer Stats

Country % Correct
Finland
99%
Netherlands
98%
Papua New Guinea
96%
Croatia
96%
Ethiopia
96%
Suriname
95%
Lithuania
94%
Romania
94%
Bhutan
93%
United Arab Emirates
93%
South Sudan
91%
Albania
90%
Zimbabwe
90%
Benin
90%
Ghana
90%
Georgia
90%
El Salvador
90%
Turkmenistan
87%
Malawi
87%
Solomon Islands
48%

Score Distribution

Percentile by Number Answered

Percent of People with Each Score

Your Score History

You have not taken this quiz